[Event "Haninge"]
[Site "Haninge"]
[Date "1988.??.??"]
[Round "?"]
[White "Chandler, Murray G"]
[Black "Sosonko, Gennadi"]
[Result "1/2-1/2"]
[WhiteElo "2590"]
[BlackElo "2535"]
[PlyCount "40"]
[EventDate "1988.05.??"]
[Source "ChessBase"]

1. e4 c5 2. Nf3 d6 3. d4 cxd4 4. Nxd4 Nf6 5. Nc3 Nc6 6. Be3 e5 7. Nf3 Be7 8. Bc4 O-O 9. O-O Na5 10. Bd5 Bg4 11. h3 Bh5 12. g4 Bg6 13. Qd3 Rc8 14. Rad1 a6 15. Nd2 b5 16. a4 Qd7 17. axb5 axb5 18. Ra1 b4 19. Nb5 Nc6 20. c4 bxc3 1/2-1/2

[Event "Festival - Open A"]
[Site "Porto San Giorgio ITA"]
[Date "2007.08.29"]
[Round "9"]
[White "Brkic, Ante"]
[Black "Korneev, Oleg"]
[Result "0-1"]
[WhiteElo "2558"]
[BlackElo "2565"]
[PlyCount "64"]
[EventDate "2007.08.21"]
[Source "www.chesslib.no"]
[SourceDate "2004.05.04"]

1. e4 c5 2. Nf3 d6 3. d4 cxd4 4. Nxd4 Nf6 5. Nc3 Nc6 6. f3 e6 7. Be3 Be7 8. Qd2 O-O 9. g4 a6 10. O-O-O Nd7 11. h4 Nde5 12. Qg2 b5 13. g5 Nxd4 14. Bxd4 Nc6 15. Be3 Qa5 16. Kb1 b4 17. Ne2 b3 18. cxb3 d5 19. g6 fxg6 20. h5 dxe4 21. fxe4 gxh5 22. Nd4 Nxd4 23. Bxd4 Qg5 24. Qh2 e5 25. Bc4+ Kh8 26. Bxe5 Bg4 27. Rdg1 Rad8 28. Bd5 Bf6 29. Bf4 Qg6 30. Ka1 Bd4 31. Rf1 Qf6 32. Bc4 Be5 0-1

[Event "American Continental 1st"]
[Site "Cali"]
[Date "2001.08.14"]
[Round "5"]
[White "Bruzon Bautista, Lazaro"]
[Black "Gurevich, Dmitry"]
[Result "0-1"]
[WhiteElo "2573"]
[BlackElo "2550"]
[PlyCount "112"]
[EventDate "2001.08.09"]
[Source "ChessBase"]
[SourceDate "2001.09.11"]

1. e4 c5 2. Nf3 d6 3. d4 cxd4 4. Nxd4 Nf6 5. Nc3 Nc6 6. f3 Nxd4 7. Qxd4 g6 8. Be3 Bg7 9. Qd2 O-O 10. Bc4 Be6 11. Bxe6 fxe6 12. e5 dxe5 13. O-O-O Qa5 14. Kb1 Rfd8 15. Qe2 Nd5 16. Ne4 Rac8 17. Bd2 Qa4 18. Rc1 b5 19. h4 Rc6 20. b3 Qa3 21. c4 bxc4 22. Rxc4 Nf4 23. Qf1 Ra6 24. Rc2 Rb8 25. Qc4 Rab6 26. Bc1 Qa5 27. g3 Nd5 28. Bd2 Qa3 29. Bc1 Qa5 30. h5 Nb4 31. Rb2 Rc6 32. Qe2 Rbc8 33. hxg6 hxg6 34. Bd2 Qc7 35. a3 Nc2 36. Ka2 Qb7 37. Qh2 Ra6 38. a4 Qd5 39. Nc3 Rxc3 40. Bxc3 Rxa4+ 41. Kb1 Na3+ 42. Kc1 Qc5 43. bxa4 Qxc3+ 44. Kd1 Nc4 45. Ra2 Qxf3+ 46. Kc1 Qe3+ 47. Kc2 e4 48. Qh7+ Kf8 49. Rf1+ Ke8 50. Qxg7 Qd3+ 51. Kc1 Qxf1+ 52. Kc2 Qd3+ 53. Kc1 e3 54. Qg8+ Kd7 55. Qa8 Qc3+ 56. Kd1 Qb3+ 0-1

[Event "Carl Schlechter mem"]
[Site "Vienna"]
[Date "1996.??.??"]
[Round "5"]
[White "Popovic, Petar"]
[Black "Groszpeter, Attila"]
[Result "1/2-1/2"]
[WhiteElo "2575"]
[BlackElo "2545"]
[PlyCount "21"]
[EventDate "1996.10.10"]
[Source "ChessBase"]

1. e4 c5 2. Nf3 d6 3. d4 cxd4 4. Nxd4 Nf6 5. Nc3 Nc6 6. g3 Qb6 7. Nb3 Bg4 8. f3 Be6 9. Qe2 Nb4 10. Bg5 a6 11. O-O-O 1/2-1/2

[Event "Sigeman & Co"]
[Site "Malmo"]
[Date "2002.06.09"]
[Round "4"]
[White "Berg, Emanuel"]
[Black "Stefansson, Hannes"]
[Result "0-1"]
[WhiteElo "2514"]
[BlackElo "2598"]
[PlyCount "104"]
[EventDate "2002.06.06"]
[Source "ChessBase"]
[SourceDate "2002.09.20"]

1. e4 c5 2. Nf3 d6 3. d4 cxd4 4. Nxd4 Nf6 5. Nc3 Nc6 6. Be3 Ng4 7. Bb5 Nxe3 8. fxe3 Bd7 9. O-O e6 10. Bxc6 bxc6 11. e5 Be7 12. Qh5 O-O 13. exd6 Bxd6 14. Rad1 Qc7 15. Ne4 Be7 16. Nb3 Be8 17. Nec5 Bd6 18. Qh4 Qe7 19. Qc4 Rb8 20. Rf3 Rb5 21. Nd3 Rh5 22. Nf4 Rh6 23. h3 e5 24. Ne2 e4 25. Rf2 Qe5 26. Kf1 Bd7 27. Nc3 Qh2 28. Nxe4 Be6 29. Qxc6 Be5 30. Qc5 Rg6 31. Nd4 Rxg2 32. Nf3 Qxh3 33. Nxe5 Rg4+ 34. Ke2 Rxe4 35. Kd2 Rc8 36. Kc1 Qxe3+ 37. Qxe3 Rxe3 38. Nc6 Bg4 39. Nxa7 Ra8 40. Rg1 h5 41. Nb5 Rxa2 42. Nc3 Rxc3 43. Rxg4 hxg4 44. bxc3 Ra5 45. Kd2 f5 46. c4 g5 47. Rg2 Kf7 48. Kd3 Ke6 49. Kd4 Re5 50. c5 Re4+ 51. Kd3 Kd5 52. Rf2 f4 0-1

[Event "Helsinki op"]
[Site "Helsinki"]
[Date "1992.??.??"]
[Round "6"]
[White "Brodsky, Michail"]
[Black "Tukmakov, Vladimir B"]
[Result "0-1"]
[WhiteElo "2540"]
[BlackElo "2570"]
[PlyCount "85"]
[EventDate "1992.09.??"]
[Source "ChessBase"]

1. e4 c5 2. Nf3 d6 3. d4 cxd4 4. Nxd4 Nf6 5. Nc3 Nc6 6. h3 e6 7. g4 a6 8. Bg2 Qc7 9. a4 Be7 10. Nde2 Rb8 11. g5 Nd7 12. h4 b5 13. axb5 axb5 14. b3 b4 15. Na4 O-O 16. O-O e5 17. f4 Ba6 18. Be3 exf4 19. Rxf4 Nde5 20. Bf2 Bc8 21. Rc1 Ng4 22. Qd2 Nxf2 23. Rxf2 Ne5 24. Nf4 Qa7 25. Kh1 Re8 26. Nd5 Be6 27. Rcf1 Bd8 28. Nb2 Bb6 29. Re2 Bd4 30. Nd3 Bxd5 31. exd5 Bc3 32. Qf4 Nxd3 33. Rxe8+ Rxe8 34. cxd3 Qd7 35. Qf2 Re7 36. Qf3 g6 37. Qf4 Re2 38. Qc4 Qe7 39. Qg4 Re1 40. Rxe1 Qxe1+ 41. Kh2 Be5+ 42. Kh3 Qg1 43. Qe2 0-1

[Event "Dortmund-A"]
[Site "Dortmund"]
[Date "1988.??.??"]
[Round "?"]
[White "Lau, Ralf"]
[Black "Popovic, Petar"]
[Result "1/2-1/2"]
[WhiteElo "2540"]
[BlackElo "2570"]
[PlyCount "31"]
[EventDate "1988.03.??"]
[Source "ChessBase"]

1. e4 c5 2. Nf3 d6 3. d4 cxd4 4. Nxd4 Nf6 5. Nc3 Nc6 6. Be3 e5 7. Nb3 Be7 8. f3 Be6 9. Nd5 Bxd5 10. exd5 Nb4 11. c4 a5 12. Qd2 b6 13. Be2 O-O 14. O-O Na6 15. Nc1 Nd7 16. Nd3 1/2-1/2

[Event "ASS - ELIT (O4)- (1.2)"]
[Site "?"]
[Date "1998.??.??"]
[Round "?"]
[White "Jonny Hector, Limhamns SK"]
[Black "Axel Ornstein, Sodra SA"]
[Result "1-0"]
[WhiteElo "2640"]
[BlackElo "2470"]
[PlyCount "37"]
[EventDate "1998.??.??"]
[Source "www.chesslib.no"]
[SourceDate "2004.05.04"]

1. e4 c5 2. Nf3 d6 3. d4 cxd4 4. Nxd4 Nf6 5. Nc3 Nc6 6. f4 e5 7. Nf3 Be7 8. f5 g6 9. fxg6 hxg6 10. Bc4 Bg4 11. Be3 Rc8 12. O-O Nd4 13. Bb3 Bxf3 14. Rxf3 Nxf3+ 15. Qxf3 Rxc3 16. bxc3 Qc8 17. Bg5 Qg4 18. Bxf6 Qxf3 19. Ba4+ 1-0

[Event "Istanbul ol (Men)"]
[Site "Istanbul"]
[Date "2000.10.29"]
[Round "2"]
[White "Hector, Jonny"]
[Black "Baklan, Vladimir"]
[Result "1/2-1/2"]
[WhiteElo "2509"]
[BlackElo "2599"]
[PlyCount "81"]
[EventDate "2000.10.??"]
[Source "www.chesslib.no"]
[SourceDate "2004.05.04"]

1. e4 c5 2. Nf3 d6 3. d4 cxd4 4. Nxd4 Nf6 5. Nc3 Nc6 6. f4 e5 7. Nf3 Be7 8. f5 a6 9. Bg5 O-O 10. Qd2 b5 11. Bxf6 Bxf6 12. a4 bxa4 13. Rxa4 Rb8 14. b3 Nb4 15. Bc4 Qb6 16. g4 Bd7 17. g5 Bd8 18. Ra1 Nxc2+ 19. Qxc2 Qe3+ 20. Be2 Rc8 21. Nd5 Qxf3 22. Bxf3 Rxc2 23. h4 a5 24. Be2 Bc6 25. Bd3 Rc5 26. Bc4 Bb5 27. Bxb5 Rxb5 28. Rh3 f6 29. gxf6 Bxf6 30. Rc1 Rfb8 31. Rcc3 Bd8 32. Kd1 Kf8 33. Kc2 Bb6 34. Rc6 Bd4 35. Nc7 Rc5+ 36. Rxc5 dxc5 37. Rg3 Kf7 38. h5 Kf6 39. Ne6 a4 40. bxa4 Rb2+ 41. Kc1 1/2-1/2

[Event "GM"]
[Site "Balatonlelle"]
[Date "2004.07.20"]
[Round "2"]
[White "Varga, Zoltan"]
[Black "Balogh, Csaba"]
[Result "1/2-1/2"]
[WhiteElo "2592"]
[BlackElo "2513"]
[PlyCount "43"]
[EventDate "2004.07.19"]
[Source "Roberto Alvarez"]
[SourceDate "2004.08.17"]

1. e4 c5 2. Nf3 d6 3. d4 cxd4 4. Nxd4 Nf6 5. Nc3 Nc6 6. g3 Bg4 7. f3 Bd7 8. Be3 g6 9. Bg2 Bg7 10. O-O O-O 11. Nd5 Nxd5 12. exd5 Nxd4 13. Bxd4 Qc7 14. Bxg7 Kxg7 15. Qd4+ Kg8 16. c3 b5 17. Rfe1 Rfe8 18. Bf1 Rab8 19. Kf2 Qb6 20. Rad1 Kf8 21. Qxb6 Rxb6 22. Rd4 1/2-1/2

[Event "1st Serbian League Men"]
[Site "Zlatibor SRB"]
[Date "2007.09.01"]
[Round "11"]
[White "Kovacevic, A."]
[Black "Jovanovic, Zo CRO"]
[Result "1-0"]
[WhiteElo "2566"]
[BlackElo "2537"]
[PlyCount "57"]
[EventDate "2007.08.21"]
[Source "www.chesslib.no"]
[SourceDate "2004.05.04"]

1. e4 c5 2. Nf3 d6 3. d4 cxd4 4. Nxd4 Nf6 5. Nc3 Nc6 6. f3 e5 7. Nb3 Be7 8. Be3 O-O 9. Qd2 a5 10. Bb5 Na7 11. Bd3 Nc6 12. a3 a4 13. Nc1 d5 14. Nxd5 Nxd5 15. exd5 Nd4 16. O-O Qxd5 17. Na2 Be6 18. Nc3 Qa5 19. Qf2 Rad8 20. Kh1 f5 21. f4 Bf6 22. fxe5 Bxe5 23. Rae1 f4 24. Bxd4 Bxd4 25. Qe2 Bf7 26. Rxf4 Bxc3 27. bxc3 Qxc3 28. Ref1 Rfe8 29. Qf3 1-0

[Event "6. EICC"]
[Site "?"]
[Date "2005.06.29"]
[Round "11"]
[White "Petrosian Tigran L"]
[Black "Evdokimov Alexander A"]
[Result "1/2-1/2"]
[WhiteElo "2599"]
[BlackElo "2503"]
[PlyCount "188"]
[EventDate "2005.??.??"]
[Source "www.chesslib.no"]
[SourceDate "2004.05.04"]

1. e4 c5 2. Nf3 d6 3. d4 cxd4 4. Nxd4 Nf6 5. Nc3 Nc6 6. Be3 Ng4 7. Bg5 h6 8. Bc1 Qb6 9. Bb5 e5 10. h3 Qxd4 11. hxg4 Qxd1+ 12. Nxd1 Bxg4 13. Be3 a6 14. Ba4 Rc8 15. Bb6 Be7 16. Ne3 Be6 17. Rd1 O-O 18. Nf5 Bd8 19. Be3 Bxf5 20. exf5 Be7 21. c3 Na5 22. Rd3 e4 23. Rd4 Rc4 24. Ke2 Bf6 25. Rxc4 Nxc4 26. Bc1 d5 27. Rd1 Rd8 28. Bc2 b5 29. f3 exf3+ 30. Kxf3 Kf8 31. a4 Bg5 32. Bxg5 hxg5 33. axb5 axb5 34. b3 Na3 35. Rd2 Rc8 36. Bd1 Rxc3+ 37. Kg4 Rc5 38. Kxg5 Nb1 39. Rd3 Nc3 40. Bf3 Ke7 41. b4 Rc4 42. Bxd5 Nxd5 43. Rxd5 Rxb4 44. g4 Rb1 45. Kh5 Rh1+ 46. Kg5 Rb1 47. Kh5 b4 48. Rb5 b3 49. Rb7+ Kf6 50. Rb6+ Ke5 51. Kg5 b2 52. Rb5+ Ke4 53. Rb3 f6+ 54. Kg6 Rg1 55. Rb4+ Ke5 56. Rb5+ Ke4 57. Rb4+ Kf3 58. Rxb2 Rxg4+ 59. Kf7 Kf4 60. Rb5 Rg2 61. Ra5 Rg3 62. Rb5 Rg1 63. Ra5 Rg2 64. Rb5 Rg5 65. Ke6 Kg4 66. Rb1 Kf4 67. Rf1+ Ke4 68. Re1+ Kf3 69. Rf1+ Kg2 70. Ra1 Rg4 71. Kf7 Kg3 72. Rf1 Kh4 73. Rf2 Rg1 74. Rf4+ Kg5 75. Rf2 Kh4 76. Rf4+ Kg3 77. Rb4 Kf3 78. Ra4 Rg4 79. Ra1 Kf4 80. Ra5 Rg1 81. Rb5 Ra1 82. Kxg7 Kg5 83. Kf7 Ra7+ 84. Ke6 Ra6+ 85. Kf7 Rc6 86. Ra5 Rb6 87. Rc5 Rb7+ 88. Ke6 Rb6+ 89. Kf7 Rb4 90. Ra5 Rf4 91. Ke6 Rf2 92. Rb5 Re2+ 93. Kf7 Re1 94. Ra5 Rb1 1/2-1/2

[Event "London"]
[Site "London"]
[Date "1986.??.??"]
[Round "11"]
[White "Mestel, A Jonathan"]
[Black "Larsen, Bent"]
[Result "1-0"]
[WhiteElo "2525"]
[BlackElo "2575"]
[PlyCount "65"]
[EventDate "1986.03.??"]
[Source "ChessBase"]

1. e4 c5 2. Nf3 d6 3. d4 cxd4 4. Nxd4 Nf6 5. Nc3 Nc6 6. Be3 e5 7. Nf3 Be6 8. Ng5 Rc8 9. Be2 Be7 10. Nxe6 fxe6 11. Bh5+ g6 12. Bg4 Kf7 13. Bh3 Qa5 14. O-O h5 15. Qd2 Rcd8 16. f4 Rhg8 17. a3 Nd4 18. Kh1 Kg7 19. Bxd4 exd4 20. Qxd4 e5 21. Qc4 Rge8 22. Rf3 Qb6 23. Raf1 Qxb2 24. fxe5 dxe5 25. Nb5 Rd2 26. Nc7 Rg8 27. Qe6 Bd8 28. Rxf6 Bxf6 29. Qxf6+ Kh7 30. Ne6 Rxc2 31. Ng5+ Kh6 32. Nf7+ Kh7 33. Qg5 1-0

[Event "Ukrainian Games"]
[Site "Evpatoria (Ukraine)"]
[Date "2007.05.21"]
[Round "1"]
[White "Onischuk Vladimir (UKR)"]
[Black "Baklan Vladimir (UKR)"]
[Result "0-1"]
[WhiteElo "2480"]
[BlackElo "2618"]
[PlyCount "120"]
[EventDate "2007.??.??"]
[Source "www.chesslib.no"]
[SourceDate "2004.05.04"]

1. e4 c5 2. Nf3 d6 3. d4 cxd4 4. Nxd4 Nf6 5. Nc3 Nc6 6. f3 e5 7. Nb3 Be7 8. Be3 O-O 9. Qd2 a5 10. Bb5 Na7 11. Be2 Bd7 12. a4 Nc6 13. Nb5 Be6 14. c4 b6 15. O-O Qb8 16. Nc1 Nd7 17. Na2 Nc5 18. Qd1 Rd8 19. Nac3 Rd7 20. b3 Qd8 21. Nd5 Rb8 22. Rb1 Bg5 23. Bf2 Kh8 24. Re1 f5 25. exf5 Bxf5 26. Rb2 Nb4 27. Nxb4 axb4 28. Bf1 d5 29. Bxc5 bxc5 30. cxd5 Rxd5 31. Qe2 Bd2 32. Rxd2 Rxd2 33. Qxe5 Rd5 34. Qe3 Bg6 35. h3 Rd1 36. Kh2 Rxe1 37. Qxe1 Bf7 38. Qe3 Rc8 39. f4 Qd1 40. Bc4 Bxc4 41. bxc4 b3 42. Qe5 Qd2 43. Nd6 Rf8 44. f5 Qd4 45. Qg3 h6 46. Nb5 Qxc4 47. Qe5 Qd3 48. Nd6 Qd4 49. Nf7+ Kg8 50. Nxh6+ Kh7 51. Qg3 gxh6 52. Qg6+ Kh8 53. Qxh6+ Kg8 54. Qe6+ Rf7 55. Qxb3 Qf4+ 56. Kh1 c4 57. Qb6 Qf1+ 58. Kh2 Qxf5 59. Qc6 Qf4+ 60. Kh1 Kg7 0-1

[Event "14th Asian Cities"]
[Site "Tagaytay City"]
[Date "2004.03.22"]
[Round "3"]
[White "Paragua, Mark"]
[Black "Kotsur, Pavel"]
[Result "1/2-1/2"]
[WhiteElo "2529"]
[BlackElo "2569"]
[PlyCount "71"]
[EventDate "2004.03.21"]
[Source "Roberto Alvarez"]
[SourceDate "2004.03.29"]

1. e4 c5 2. Nf3 d6 3. d4 cxd4 4. Nxd4 Nf6 5. Nc3 Nc6 6. f3 e5 7. Nb3 Be7 8. Be3 O-O 9. Qd2 a5 10. Bb5 Na7 11. Bd3 Be6 12. Rd1 Nc8 13. a3 Nb6 14. Qf2 Nfd7 15. O-O Qc7 16. f4 a4 17. Nc1 exf4 18. Qxf4 Nc4 19. Bd4 Bf6 20. Bxf6 Nxf6 21. Bxc4 Bxc4 22. Rf2 Ra6 23. Nd3 Bxd3 24. cxd3 Ra5 25. d4 h6 26. Qh4 Rh5 27. Qf4 Re8 28. Rf3 Rg5 29. h3 Re6 30. Rd2 Nxe4 31. Nxe4 Rxe4 32. Qxe4 Qc1+ 33. Rf1 Qxd2 34. Qe8+ Kh7 35. Qe4+ Kg8 36. Qe8+ 1/2-1/2

[Event "EU-ch 3rd"]
[Site "Batumi"]
[Date "2002.06.12"]
[Round "1"]
[White "Kharlov, Andrei"]
[Black "Mamedov, Nidjat"]
[Result "1-0"]
[WhiteElo "2633"]
[BlackElo "2463"]
[PlyCount "81"]
[EventDate "2002.06.12"]
[Source "ChessBase"]
[SourceDate "2002.09.20"]

1. e4 c5 2. Nf3 d6 3. d4 cxd4 4. Nxd4 Nf6 5. Nc3 Nc6 6. f3 e5 7. Nb3 Be7 8. Be3 O-O 9. Qd2 a5 10. Bb5 Na7 11. Bd3 Be6 12. Qf2 Nc6 13. Bb5 Qc8 14. Rd1 Nb8 15. O-O Nbd7 16. Rd2 Rd8 17. Rfd1 Ne8 18. Na4 Nef6 19. Rd3 Bc4 20. Rc3 Bxb5 21. Rxc8 Rdxc8 22. Nb6 Nxb6 23. Bxb6 a4 24. Nc1 Bc4 25. b3 Be6 26. Nd3 d5 27. Nxe5 dxe4 28. c4 axb3 29. axb3 Ra3 30. Qc2 Ra6 31. Be3 exf3 32. Nxf3 b5 33. c5 Nd5 34. Bf2 b4 35. Qc4 Nc7 36. Qxb4 Raa8 37. Nd4 Na6 38. Qb7 Bg4 39. Qxe7 Bxd1 40. Nf5 Rc7 41. Qe5 1-0

[Event "Nikolaev zt"]
[Site "Nikolaev"]
[Date "1993.??.??"]
[Round "?"]
[White "Fedorov, Alexei"]
[Black "Tukmakov, Vladimir B"]
[Result "1/2-1/2"]
[WhiteElo "2490"]
[BlackElo "2605"]
[PlyCount "83"]
[EventDate "1993.03.??"]
[Source "ChessBase"]

1. e4 c5 2. Nf3 d6 3. d4 cxd4 4. Nxd4 Nf6 5. Nc3 Nc6 6. Be3 Ng4 7. Bb5 Nxe3 8. fxe3 Bd7 9. O-O e6 10. Bxc6 bxc6 11. Qf3 Qf6 12. Qe2 Qg5 13. Rf3 Be7 14. Rg3 Qe5 15. Nf3 Qa5 16. e5 O-O 17. exd6 Bxd6 18. Rh3 e5 19. Rh5 Bg4 20. Rg5 Qb4 21. Rb1 f5 22. a3 Qc5 23. Rxg4 fxg4 24. Ng5 e4 25. Ncxe4 Qe5 26. Qc4+ Kh8 27. Nxd6 Qxe3+ 28. Kh1 Qxg5 29. Nf7+ Rxf7 30. Qxf7 Qc5 31. Re1 h6 32. c3 Kh7 33. Qf4 h5 34. Re5 Rd8 35. h3 Rd5 36. Qe4+ g6 37. Re7+ Kh8 38. Re8+ Kg7 39. Re6 Rf5 40. Kh2 gxh3 41. Kxh3 Qg1 42. Qd4+ 1/2-1/2

[Event "Bank Pocztowy op-A"]
[Site "Bydgoszcz"]
[Date "2001.05.01"]
[Round "5"]
[White "Ulibin, Mikhail"]
[Black "Maksimenko, Andrei"]
[Result "1-0"]
[WhiteElo "2580"]
[BlackElo "2514"]
[PlyCount "75"]
[EventDate "2001.04.27"]
[Source "ChessBase"]
[SourceDate "2001.07.03"]

1. e4 c5 2. Nf3 d6 3. d4 cxd4 4. Nxd4 Nf6 5. Nc3 Nc6 6. Be3 Ng4 7. Bg5 h6 8. Bh4 g5 9. Bg3 Bg7 10. Nb3 h5 11. h4 gxh4 12. Bxh4 Be6 13. Qd2 Qb6 14. Nd5 Bxd5 15. exd5 Nd4 16. Nxd4 Bxd4 17. c3 Bf6 18. Bxf6 exf6 19. Bd3 Kf8 20. O-O Re8 21. Rae1 Rxe1 22. Rxe1 Rg8 23. Re4 Rg5 24. c4 a5 25. Rf4 Re5 26. a3 Qd8 27. g3 Qe7 28. Qxa5 Re1+ 29. Kg2 Kg7 30. Rf5 Qe8 31. Rxh5 Rd1 32. Qc3 Qe1 33. Qxe1 Rxe1 34. b4 Ne5 35. Bf1 Ra1 36. c5 Rxa3 37. cxd6 Rb3 38. Rxe5 1-0

[Event "Ch (Men) Szekesfehervar HUN"]
[Site "?"]
[Date "2006.03.01"]
[Round "1"]
[White "Horvath Adam"]
[Black "Balogh Csaba"]
[Result "0-1"]
[WhiteElo "2532"]
[BlackElo "2561"]
[PlyCount "130"]
[EventDate "2006.??.??"]
[Source "www.chesslib.no"]
[SourceDate "2004.05.04"]

1. e4 c5 2. Nf3 d6 3. d4 cxd4 4. Nxd4 Nf6 5. Nc3 Nc6 6. f3 e5 7. Nb3 Be7 8. Be3 Be6 9. Nd5 Bxd5 10. exd5 Nb4 11. c4 a5 12. Qd2 b6 13. Be2 O-O 14. O-O Nd7 15. Nc1 Na6 16. Bd1 h6 17. Ba4 Nac5 18. Bc6 Ra7 19. Ne2 Bg5 20. Bxg5 Qxg5 21. Qxg5 hxg5 22. Nc3 Nb8 23. Nb5 Re7 24. Nxd6 Nxc6 25. dxc6 Rc7 26. Rad1 Rxc6 27. Rd5 f6 28. Rfd1 Kh7 29. Nf5 Rc7 30. Rd8 Rxd8 31. Rxd8 e4 32. fxe4 Nxe4 33. Rd4 Nc5 34. g4 Na4 35. b3 Nc3 36. Rd6 Nxa2 37. Rxb6 Nc3 38. h3 a4 39. bxa4 Nxa4 40. Rb4 Nc5 41. Rb8 Nd3 42. Re8 Ne5 43. c5 Ng6 44. Rd8 Nf4 45. Re8 Nxh3+ 46. Kf1 Rxc5 47. Re7 Kg8 48. Rxg7+ Kf8 49. Ra7 Nf4 50. Nd6 Rc1+ 51. Kf2 Nd3+ 52. Ke3 Ne5 53. Ke4 Rd1 54. Ra6 Re1+ 55. Kf5 Rf1+ 56. Ke6 Nxg4 57. Ra8+ Kg7 58. Nf5+ Kg6 59. Rg8+ Kh7 60. Rg7+ Kh8 61. Ra7 Re1+ 62. Kf7 Kh7 63. Ra3 Rh1 64. Ra4 Rf1 65. Ra3 Rxf5 0-1

[Event "Biel (open) 82/177"]
[Site "?"]
[Date "2001.??.??"]
[Round "?"]
[White "Arizmendi Martinez, J."]
[Black "Avrukh, B."]
[Result "0-1"]
[WhiteElo "2495"]
[BlackElo "2598"]
[PlyCount "80"]
[EventDate "2001.??.??"]
[Source "Chess Informant"]
[SourceDate "2001.06.01"]

1. e4 c5 2. Nf3 d6 3. d4 cxd4 4. Nxd4 Nf6 5. Nc3 Nc6 6. f3 e5 7. Nb3 Be7 8. Be3 O-O 9. Qd2 a5 10. Bb5 Na7 11. Bd3 Be6 12. Rd1 Nc8 13. a4 Nb6 14. Qf2 Nc4 15. Bc1 Qc8 16. O-O Bd8 17. Kh1 Bb6 18. Qe2 Qc6 19. g4 Rac8 20. Rfe1 g6 21. Qg2 d5 22. exd5 Nxd5 23. Be4 Nxc3 24. bxc3 Qxa4 25. Bh6 Rfd8 26. Qg3 Rxd1 27. Rxd1 Be3 28. Bxe3 Nxe3 29. Ra1 Qc4 30. Nxa5 Qxc3 31. Qe1 Qd4 32. Rc1 Rc3 33. Bxb7 Bd5 34. Qf2 Bxb7 35. Nxb7 Qd5 36. Rb1 Nxg4 37. Qg2 Rxf3 38. Nd6 Nf2+ 39. Kg1 Nh3+ 40. Kh1 Nf4 0-1

[Event "RUS-chT 9th"]
[Site "Ekaterinburg"]
[Date "2002.05.20"]
[Round "4"]
[White "Ulibin, Mikhail"]
[Black "Lugovoi, Aleksei"]
[Result "1/2-1/2"]
[WhiteElo "2576"]
[BlackElo "2510"]
[PlyCount "42"]
[EventDate "2002.05.17"]
[Source "ChessBase"]
[SourceDate "2002.09.20"]

1. e4 c5 2. Nf3 d6 3. d4 cxd4 4. Nxd4 Nf6 5. Nc3 Nc6 6. Be3 Ng4 7. Bg5 h6 8. Bh4 g5 9. Bg3 Bg7 10. Nb3 Be6 11. Qd2 Rc8 12. f3 Nge5 13. Nd5 a6 14. c4 f5 15. exf5 Bxf5 16. h4 gxh4 17. Bxh4 a5 18. Bf2 a4 19. Nd4 Nxd4 20. Bxd4 e6 21. Nf4 Qg5 1/2-1/2

[Event "Linares NL"]
[Site "Linares ESP"]
[Date "1993.??.??"]
[Round "7"]
[White "Zapata, Alonso"]
[Black "Hernandez, Gilberto"]
[Result "0-1"]
[WhiteElo "2580"]
[BlackElo "2505"]
[PlyCount "170"]
[EventDate "1993.??.??"]
[Source "www.chesslib.no"]
[SourceDate "2004.05.04"]

1. e4 c5 2. Nf3 d6 3. d4 cxd4 4. Nxd4 Nf6 5. Nc3 Nc6 6. Be3 Ng4 7. Bg5 h6 8. Bh4 g5 9. Bg3 Bg7 10. Nb3 h5 11. h4 gxh4 12. Bxh4 Be6 13. Qd2 Qb6 14. Nd5 Bxd5 15. exd5 Nce5 16. Qa5 Ng6 17. Qxb6 axb6 18. c3 Nxh4 19. Rxh4 Bf6 20. Rh3 Kd7 21. Bb5+ Kc7 22. Nd2 Rag8 23. Ne4 Be5 24. Rd1 Nf6 25. Nxf6 Bxf6 26. Kf1 h4 27. Be2 Ra8 28. a3 Rhg8 29. Bh5 Rg7 30. Re3 Rh8 31. Bf3 Be5 32. Re4 f5 33. Rc4+ Kb8 34. Ke2 h3 35. g3 Rgh7 36. Rh1 Rh6 37. Rh2 R6h7 38. Rb4 Kc7 39. Rc4+ Kb8 40. Bh1 f4 41. gxf4 Rh4 42. Bf3 Rxf4 43. Rxf4 Bxf4 44. Rh1 h2 45. Bg2 Ka7 46. a4 Rh4 47. Ra1 Be5 48. Ke3 Ka6 49. Bf1+ Ka7 50. Bg2 b5 51. axb5+ Kb6 52. Rf1 Bf4+ 53. Kf3 Kxb5 54. Ra1 Be5 55. Ke2 Kc5 56. Bf3 b5 57. Kd3 Rh3 58. Ke4 Rh8 59. Kd3 Rh3 60. Ke4 Kc4 61. Be2+ Kb3 62. Rh1 Kxb2 63. Bxb5 Rh4+ 64. Ke3 Kxc3 65. Be2 Rd4 66. Bf3 Bf4+ 67. Ke2 Rd2+ 68. Kf1 Kc4 69. Kg2 Rxd5 70. Bxd5+ Kxd5 71. Ra1 e5 72. Ra3 Kc4 73. Rh3 d5 74. Kf1 d4 75. Ke2 d3+ 76. Ke1 Kd4 77. Kd1 Ke4 78. Ke1 Kf5 79. Kf1 Kg4 80. Rh8 e4 81. Rh7 Be5 82. Rh6 e3 83. fxe3 Bg3 84. Kg2 d2 85. Rg6+ Kh4 0-1

[Event "France"]
[Site "?"]
[Date "1993.??.??"]
[Round "?"]
[White "Bauer, Ch"]
[Black "Dorfman, J."]
[Result "0-1"]
[WhiteElo "2505"]
[BlackElo "2580"]
[PlyCount "88"]
[EventDate "1993.??.??"]
[Source "ChessBase"]
[SourceDate "1993.02.01"]

1. e4 c5 2. Nf3 d6 3. d4 cxd4 4. Nxd4 Nf6 5. Nc3 Nc6 6. Be3 Ng4 7. Bb5 Nxe3 8. fxe3 Bd7 9. Bxc6 bxc6 10. O-O e5 11. Qf3 f6 12. Nde2 Be7 13. Na4 Qa5 14. b3 Be6 15. Ng3 g6 16. Rac1 d5 17. exd5 Qxd5 18. Qe2 O-O 19. c4 Qa5 20. Qf3 Rac8 21. Rfd1 f5 22. Ne2 Ba3 23. Rc2 Rfd8 24. Nec3 Rxd1+ 25. Qxd1 Rd8 26. Rd2 Rxd2 27. Qxd2 Kf7 28. Kf2 Ke8 29. g3 Qd8 30. Qe2 h5 31. Nd1 Bb4 32. Ndb2 e4 33. Nd1 Qd2 34. Qxd2 Bxd2 35. Ke2 Bb4 36. Nf2 g5 37. Nb2 Ke7 38. Nbd1 Kf6 39. Nb2 Kg6 40. Na4 Kf6 41. Nb2 Bd6 42. Nbd1 h4 43. Nh1 Bf7 44. Ndf2 Bh5+ 0-1

[Event "LXVI Campionato georgiano"]
[Site "Tbilisi GEO"]
[Date "2007.03.22"]
[Round "8"]
[White "Aroshidze, L."]
[Black "Arutinian, D."]
[Result "0-1"]
[WhiteElo "2531"]
[BlackElo "2552"]
[PlyCount "106"]
[EventDate "2007.03.14"]
[Source "www.chesslib.no"]
[SourceDate "2004.05.04"]

1. e4 c5 2. Nf3 d6 3. d4 cxd4 4. Nxd4 Nf6 5. Nc3 Nc6 6. f3 e5 7. Nb3 Be7 8. Be3 O-O 9. Qd2 a5 10. Bb5 Be6 11. Rd1 Na7 12. Bd3 Nc8 13. a4 Nb6 14. Qf2 Nfd7 15. O-O Nc4 16. Bxc4 Bxc4 17. Rfe1 Qc8 18. Nd5 Bd8 19. Nc1 f5 20. exf5 Rxf5 21. b3 Bxd5 22. Rxd5 Nf6 23. Rdd1 d5 24. Qd2 Be7 25. Rf1 d4 26. Bf2 Nd5 27. Ne2 Bg5 28. Qd3 Nb4 29. Qe4 Qxc2 30. Qxb7 Rff8 31. Qb5 Bf6 32. f4 Rab8 33. Qc4+ Qxc4 34. bxc4 d3 35. Nc3 exf4 36. Nb5 Rbc8 37. c5 Be7 38. Na7 Rxc5 39. Rfe1 Rc7 40. Re5 Bf6 41. Rxa5 Re8 42. Rb5 Bc3 43. Rf5 Be5 44. Nb5 Rc2 45. Bd4 Bb8 46. Bc3 Na2 47. Bd2 Re2 48. Bxf4 Rxg2+ 49. Kh1 Rgf2 50. Nd4 Rxf4 51. Rb5 Rxd4 52. Rxb8+ Kf7 53. a5 d2 0-1

[Event "LXXVII Camp. ucraino"]
[Site "Poltava UCR"]
[Date "2008.12.07"]
[Round "6"]
[White "Oleksienko, Mikhailo"]
[Black "Maximov, Dmitry"]
[Result "1/2-1/2"]
[WhiteElo "2585"]
[BlackElo "2497"]
[PlyCount "99"]
[EventDate "2008.12.02"]
[Source "www.chesslib.no"]
[SourceDate "2004.05.04"]

1. e4 c5 2. Nf3 d6 3. d4 cxd4 4. Nxd4 Nf6 5. Nc3 Nc6 6. f3 e5 7. Nb3 Be7 8. Be3 O-O 9. Qd2 a5 10. Bb5 Na7 11. Bd3 Nc6 12. a3 a4 13. Nc1 Be6 14. N1e2 d5 15. exd5 Nxd5 16. Nxd5 Qxd5 17. Nc3 Qd8 18. O-O f5 19. Rad1 Qc8 20. Kh1 Bf6 21. Rfe1 Rd8 22. Bb6 Rd7 23. Qf2 Kh8 24. Bb5 Rxd1 25. Rxd1 Nd4 26. Bxd4 exd4 27. Nxa4 Qc7 28. Qe2 Bf7 29. b3 Rc8 30. Bd3 Re8 31. Qf2 Re3 32. Nb2 Qf4 33. Nc4 Bxc4 34. Bxc4 h5 35. Qg3 Qxg3 36. hxg3 Be5 37. f4 Bf6 38. Kh2 g6 39. Rd2 Kg7 40. Re2 Rxe2 41. Bxe2 d3 42. Bxd3 Bd4 43. Bc4 Kf6 44. Bd5 b6 45. c4 Bb2 46. c5 bxc5 47. a4 Bc3 48. Kg1 Be1 49. Kh2 Ke7 50. Bc6 1/2-1/2